| 000 | 00437nam a22001697a 4500 | ||
|---|---|---|---|
| 005 | 20180718113851.0 | ||
| 008 | 160512b xxu||||| |||| 00| 0 eng d | ||
| 020 | _a978-0-07-062023-0 | ||
| 041 | _aeng | ||
| 082 |
_b1512 _a658.1511 |
||
| 100 |
_aKhan, M.Y, Jain, P. K. _94534 |
||
| 245 | _aManagement Accounting(Taxt, Problem & cases) | ||
| 260 |
_aNew Delhi _bTMH _c1984 |
||
| 300 | _a23.53p, | ||
| 650 |
_aManagement _9241 |
||
| 942 | _cBK | ||
| 999 |
_c621 _d621 |
||